000
00261nam a2200133Ia 4500
100
_a
Sudha Murthy
650
_a
Ficiton
942
_c
BK
366
_f
20
245
_a
Dollar Bahu
260
_b
Penquin books
_a
Mumbai
_c
2007
546
_a
ENGLISH
999
_c
29118
_d
29118